Влияние условий формирования и постседиментационных процессов преобразования отложений на структуру пустотного пространства и фильтрационно-емкостные свойства пород-коллекторов продуктивного горизонта тюменской свиты Красноленинского свода; Современные проблемы седиментологии в нефтегазовом инжиниринге

Bibliografiske detaljer
Parent link:Современные проблемы седиментологии в нефтегазовом инжиниринге.— 2017.— [С. 84-90]
Hovedforfatter: Костеневич К. А.
Corporate Authors: Сургутский научно-исследовательский и проектный институт нефтяной промышленности (СургутНИПИнефть), Сургутнефтегаз
Andre forfattere: Белоус О. И., Слюнкина С. А.
Summary:Заглавие с экрана
Для повышения достоверности оценки фильтрационно-емкостных свойств пород-коллекторов горизонта ЮК[2-6] тюменской свиты северо-восточного склона Красноленинского свода, характеризующихся сложным геологическим строением, был привлечен широкий комплекс литологических и петрофизических исследований кернового материала. Проведена фациальная типизация отложений, изучен литологический состав пород, проведен анализ постседиментационных процессов и определены признаки как стадиальных диа-катагенетических, так и наложенных эпигенетических изменений, выявлены зоны с различным проявлением вторичных процессов в породах-коллекторах, проведена оценка структуры пустотного пространства различного типа пород-коллекторов методом имидж-анализа и капилляриметрии. Изучены фильтрационно-емкостные свойства пород с учетом их фациальной принадлежности и оценено влияние первичных и вторичных факторов на коллекторские свойства пород.
Sprog:russisk
Udgivet: 2017
Serier:Западно-Сибирский регион
Fag:
Online adgang:http://earchive.tpu.ru/handle/11683/43048
Format: MixedMaterials Electronisk Book Chapter
KOHA link:https://koha.lib.tpu.ru/cgi-bin/koha/opac-detail.pl?biblionumber=623831

MARC

LEADER 00000naa2a2200000 4500
001 623831
005 20231102024043.0
035 |a (RuTPU)RU\TPU\conf\22924 
035 |a RU\TPU\conf\22921 
090 |a 623831 
100 |a 20170921d2017 k y0rusy50 ca 
101 0 |a rus 
102 |a RU 
105 |a y z 101zy 
135 |a drcn ---uucaa 
181 0 |a i  
182 0 |a b 
200 1 |a Влияние условий формирования и постседиментационных процессов преобразования отложений на структуру пустотного пространства и фильтрационно-емкостные свойства пород-коллекторов продуктивного горизонта тюменской свиты Красноленинского свода  |f К. А. Костеневич, О. И. Белоус, С. А. Слюнкина 
203 |a Текст  |c электронный 
225 1 |a Западно-Сибирский регион 
230 |a 1 компьютерный файл (pdf; 555 Кб) 
300 |a Заглавие с экрана 
320 |a [Библиогр.: с. 89 (5 назв.)] 
330 |a Для повышения достоверности оценки фильтрационно-емкостных свойств пород-коллекторов горизонта ЮК[2-6] тюменской свиты северо-восточного склона Красноленинского свода, характеризующихся сложным геологическим строением, был привлечен широкий комплекс литологических и петрофизических исследований кернового материала. Проведена фациальная типизация отложений, изучен литологический состав пород, проведен анализ постседиментационных процессов и определены признаки как стадиальных диа-катагенетических, так и наложенных эпигенетических изменений, выявлены зоны с различным проявлением вторичных процессов в породах-коллекторах, проведена оценка структуры пустотного пространства различного типа пород-коллекторов методом имидж-анализа и капилляриметрии. Изучены фильтрационно-емкостные свойства пород с учетом их фациальной принадлежности и оценено влияние первичных и вторичных факторов на коллекторские свойства пород. 
463 0 |0 (RuTPU)RU\TPU\conf\22907  |t Современные проблемы седиментологии в нефтегазовом инжиниринге  |o труды III Всероссийского научно‐практическогоседиментологического совещания, 10-12 апреля 2017 г., г. Томск  |f Национальный исследовательский Томский политехнический университет (ТПУ), Институт природных ресурсов (ИПР) ; гл. ред. О. С. Чернова  |v [С. 84-90]  |d 2017 
610 1 |a электронный ресурс 
610 1 |a осадконакопление 
610 1 |a вторичные процессы 
610 1 |a преобразование 
610 1 |a фильтрационно-емкостные свойства 
610 1 |a породы-коллекторы 
610 1 |a пустотные пространства 
610 1 |a литологические исследования 
610 1 |a петрофизические исследования 
700 1 |a Костеневич  |b К. А. 
701 1 |a Белоус  |b О. И. 
701 1 |a Слюнкина  |b С. А. 
712 0 2 |a Сургутский научно-исследовательский и проектный институт нефтяной промышленности (СургутНИПИнефть)  |2 stltpush  |3 (RuTPU)RU\TPU\col\15575 
712 0 2 |a Сургутнефтегаз  |9 26184 
801 2 |a RU  |b 63413507  |c 20171129  |g RCR 
856 4 |u http://earchive.tpu.ru/handle/11683/43048 
942 |c BK